Đà Nẵng xuân 1975 /

Nhớ lại những ngày giải phóng ĐN, tiến công và nổi dậy giải phóng TP ĐN năm 1975, cội nguồn sức mạnh, triều biển nhân dân, bay lên lời nói hạnh phúc, nhớ lại ngày ấy, nổi dậy giải phóng K20....

Zapisane w:
Opis bibliograficzny
Korporacja: Ban dân vận thành uỷ Đà Nẵng.
Format: Książka
Język:Vietnamese
Wydane: Đà Nẵng : Nxb Đà Nẵng, 2000.
Hasła przedmiotowe:
Etykiety: Dodaj etykietę
Nie ma etykietki, Dołącz pierwszą etykiete!
Thư viện lưu trữ: Mạng thư viện Đại học Đà Nẵng
LEADER 01113cam a2200337 i 4500
001 000042795
003 670
005 20040525095324.0
008 010217b2000 vm 000 vie
020 |c 35000 
040 |a IRC  |c IRC  |d IRC 
041 0 |a vie 
082 1 4 |a 895.9283403  |b BAN 
110 2 |a Ban dân vận thành uỷ Đà Nẵng. 
245 0 0 |a Đà Nẵng xuân 1975 /  |c Ban dân vận thành uỷ Đà Nẵng. 
260 |a Đà Nẵng :  |b Nxb Đà Nẵng,  |c 2000. 
300 |a 292Tr. ;  |c 20cm. 
520 3 |a Nhớ lại những ngày giải phóng ĐN, tiến công và nổi dậy giải phóng TP ĐN năm 1975, cội nguồn sức mạnh, triều biển nhân dân, bay lên lời nói hạnh phúc, nhớ lại ngày ấy, nổi dậy giải phóng K20.... 
630 0 4 |a Hồi ký. 
630 0 4 |a Văn học Việt. 
650 0 4 |a Văn học  |x Hồi ký. 
OWN |a DUT 
999 |a From the UDN01 
TYP |a Monograph 
TYP |a Printed language 
980 |a Mạng thư viện Đại học Đà Nẵng